Kirchenverständnis in Elberfeld: Hermann Friedrich Kohlbrügge (1833-1875) und Alfred de Quervain (1931-1938)
| Main Author: | |
|---|---|
| Format: | Print Article |
| Language: | German |
| Check availability: | HBZ Gateway |
| Interlibrary Loan: | Interlibrary Loan for the Fachinformationsdienste (Specialized Information Services in Germany) |
| Published: |
1985
|
| In: |
Pietismus und Neuzeit
Year: 1985, Volume: 11, Pages: 296-317 |
| Standardized Subjects / Keyword chains: | B
Kohlbrügge, Hermann Friedrich 1803-1875
/ Quervain, Alfred de 1896-1968
|
| Further subjects: | B
Kohlbrügge, Hermann Friedrich
B Quervain, Alfred de (Theologe) |
MARC
| LEADER | 00000caa a22000002c 4500 | ||
|---|---|---|---|
| 001 | 87741775X | ||
| 003 | DE-627 | ||
| 005 | 20220429134225.0 | ||
| 007 | tu | ||
| 008 | 121113s1985 gw ||||| 00| ||ger c | ||
| 035 | |a (DE-627)87741775X | ||
| 035 | |a (DE-576)374860165 | ||
| 035 | |a (DE-599)GBV87741775X | ||
| 040 | |a DE-627 |b ger |c DE-627 |e rda | ||
| 041 | |a ger | ||
| 044 | |c XA-DE | ||
| 084 | |a 1 |2 ssgn | ||
| 100 | 1 | |0 (DE-588)122821629 |0 (DE-627)706056272 |0 (DE-576)293434069 |4 aut |a Castanyé, Josep |d 1941- | |
| 109 | |a Castanyé, Josep 1941- |a Castanyé Subirana, Josep 1941- |a Castanyé-Subirana, Josep 1941- |a Subirana, Josep Castanyé 1941- | ||
| 245 | 1 | 0 | |a Kirchenverständnis in Elberfeld |b Hermann Friedrich Kohlbrügge (1833-1875) und Alfred de Quervain (1931-1938) |c Josep Castanyé |
| 264 | 1 | |c 1985 | |
| 336 | |a Text |b txt |2 rdacontent | ||
| 337 | |a ohne Hilfsmittel zu benutzen |b n |2 rdamedia | ||
| 338 | |a Band |b nc |2 rdacarrier | ||
| 500 | |a In: Pietismus und Neuzeit : Bd. 11 : 1985. - S. 296-317 | ||
| 600 | 1 | 4 | |a Kohlbrügge, Hermann Friedrich |
| 600 | 1 | 4 | |a Quervain, Alfred de (Theologe) |
| 601 | |a Elberfeld | ||
| 689 | 0 | 0 | |d p |0 (DE-588)118713604 |0 (DE-627)079495249 |0 (DE-576)16737284X |2 gnd |a Kohlbrügge, Hermann Friedrich |d 1803-1875 |
| 689 | 0 | 1 | |d p |0 (DE-588)118597310 |0 (DE-627)07938983X |0 (DE-576)162636520 |2 gnd |a Quervain, Alfred de |d 1896-1968 |
| 689 | 0 | |5 (DE-627) | |
| 773 | 0 | 8 | |i In |t Pietismus und Neuzeit |d Göttingen : Vandenhoeck & Ruprecht, 1974 |g 11(1985), Seite 296-317 |w (DE-627)129889474 |w (DE-600)302208-0 |w (DE-576)015195635 |x 0172-6943 |7 nnas |
| 773 | 1 | 8 | |g volume:11 |g year:1985 |g pages:296-317 |
| 889 | |w (DE-627)395072921 | ||
| 935 | |a mteo | ||
| 935 | |i Blocktest | ||
| 951 | |a AR | ||
| ELC | |b 1 | ||
| ITA | |a 1 |t 1 | ||
| LOK | |0 000 xxxxxcx a22 zn 4500 | ||
| LOK | |0 001 3277219933 | ||
| LOK | |0 003 DE-627 | ||
| LOK | |0 004 87741775X | ||
| LOK | |0 005 20160405093532 | ||
| LOK | |0 008 160404||||||||||||||||ger||||||| | ||
| LOK | |0 040 |a DE-Tue135 |c DE-627 |d DE-Tue135 | ||
| LOK | |0 092 |o n | ||
| LOK | |0 852 |a DE-Tue135 | ||
| LOK | |0 852 1 |9 00 | ||
| LOK | |0 935 |a ixzs |a ixmi | ||
| LOK | |0 939 |a 04-04-16 |b l01 | ||
| ORI | |a SA-MARC-ixtheoa001.raw | ||
| SYG | 0 | 0 | |a Kohlbrügge, Hermann F.,1803-1875,Kohlbrügge, Herrmann Friedrich,1803-1875,Kohlbrügge, Herman Friedrich,1803-1875,Kohlbrügge, Herm. Friedr.,1803-1875,Kohlbrügge, H. F.,1803-1875,Kohlbrügge, H.F.,1803-1875,Kohlbrügge, Friedrich,1803-1875,Kohlbrugge, Hermann Friedrich,1803-1875,Kohlbrugge, Herman Frederik,1803-1875,Kohlbrugge, H. F.,1803-1875,Kohlbrugge, H.F.,1803-1875,Kohlbrugge, Friedrich,1803-1875 |